|
|
|
|
| LEADER |
00000nab a2200000 a 4500 |
| 001 |
vtls010258540 |
| 005 |
20260327071632.0 |
| 008 |
25070817c2009 xo o |||||||||||||||slol |
| 015 |
|
|
|a SNBRB2009/06
|
| 035 |
|
|
|a SVKKK000096191
|
| 035 |
|
|
|a urn:nbn:sk:snk-aba14l
|
| 035 |
|
|
|a (urnnbn)urn:nbn:sk:snk:ar-a098eq
|
| 035 |
|
|
|a (uuid)626da1a8-f820-4d42-a836-983dcb60a93a
|
| 040 |
|
|
|a SNKBUCL
|b slo
|c SNKBUCL
|e AACR2
|
| 041 |
0 |
|
|a slo
|
| 044 |
|
|
|a xo
|c SK
|
| 080 |
|
|
|a 599.322
|x (437.6)
|2 1997
|
| 080 |
|
|
|a 061.3
|2 1997
|
| 100 |
1 |
|
|a Ambros, Michal,
|d 1954-
|4 aut
|4 pht
|9 13824
|
| 245 |
1 |
0 |
|a Svätý Ján oroduj za nás-
|b (-a keď Ti zostane trochu času, tak aj za sysľa)
|c Michal Ambros ; J. Mateju, R. Siklienka
|
| 300 |
|
|
|b Fotogr.
|
| 650 |
0 |
7 |
|a syseľ pasienkový
|2 snkbucl
|9 13211
|
| 650 |
0 |
7 |
|a ohrozené druhy živočíchov
|2 snkbucl
|9 3697
|
| 650 |
0 |
7 |
|a medzinárodná konferencia
|y 1.-5. október 2008
|z Svatý Jan pod Skalou (Česko)
|z Slovensko
|x účasť
|2 snkbucl
|9 1515694
|
| 700 |
1 |
|
|a Mateju, J.
|4 pht
|9 1515695
|
| 700 |
1 |
|
|a Siklienka, Radimír,
|d 1966-
|4 pht
|9 207349
|
| 773 |
0 |
|
|t Chránené územia Slovenska
|g Č. 77 (2009), s. 15-16
|x 1335-1737
|
| 852 |
|
|
|a Slovenská národná knižnica
|
| 954 |
|
|
|a odborná, vedecká literatúra pôvodná (slovenská)
|2 lita
|
| 958 |
|
|
|a article13
|
| 958 |
|
|
|a OND
|
| 958 |
|
|
|a EUIPO
|
| 999 |
|
|
|c 3035331
|d 3037261
|